000 00320 a2200157 4500
001 182696
020 _a85-359-0246-5
040 _cMagnum
100 _aScliar, Moacyr
240 1 0 _aÉden - Brasil
_lpor
245 1 0 _aÉden - Brasil
300 _a136
362 0 _a2002
697 _aLITERATURA GERAL
942 _cBK
999 _c182696
_d182696